A HISTORICAL INTRODUCTION TO THE SYRIAC LITURGY (Record no. 134538)

MARC details
000 -LEADER
fixed length control field 00526nam a22001817a 4500
003 - CONTROL NUMBER IDENTIFIER
control field OSt
005 - DATE AND TIME OF LATEST TRANSACTION
control field 20220802045114.0
008 - FIXED-LENGTH DATA ELEMENTS--GENERAL INFORMATION
fixed length control field 220802b |||||||| |||| 00| 0 eng d
040 ## - CATALOGING SOURCE
Transcribing agency SBCL
082 ## - DEWEY DECIMAL CLASSIFICATION NUMBER
Classification number 264.015
Item number PAN-H
100 ## - MAIN ENTRY--PERSONAL NAME
Personal name PANICKER,GEEVARGHESE
245 ## - TITLE STATEMENT
Title A HISTORICAL INTRODUCTION TO THE SYRIAC LITURGY
260 ## - PUBLICATION, DISTRIBUTION, ETC.
Place of publication, distribution, etc. KOTTAYAM
Name of publisher, distributor, etc. ST.EPHREM ECUMENICAL RESEARCH INSTITUTE
Date of publication, distribution, etc. 2010
300 ## - PHYSICAL DESCRIPTION
Extent 104p.
630 ## - SUBJECT ADDED ENTRY--UNIFORM TITLE
General subdivision PGR
650 ## - SUBJECT ADDED ENTRY--TOPICAL TERM
Topical term or geographic name entry element Social & ecclesiastical theology
942 ## - ADDED ENTRY ELEMENTS (KOHA)
Koha item type BOOK
650 ## - SUBJECT ADDED ENTRY--TOPICAL TERM
Source of heading or term Religion
Form subdivision Public worship
Holdings
Withdrawn status Lost status Source of classification or shelving scheme Damaged status Not for loan Home library Current library Date acquired Cost, normal purchase price Total Checkouts Full call number Barcode Shelving location Date last seen Price effective from Koha item type
    Dewey Decimal Classification     SB LIBRARY SB LIBRARY 02/08/2022 60.00   264.015 PAN-H 00141775 POST GRADUATE REFERENCE 02/08/2022 02/08/2022 BOOK

Powered by Koha